Manažment školského priestoru školský priestor ako určujúci faktor
Školské priestory ako určujúci faktor, ktorý pôsobí na účastníkov školského života. Formálne usporiadenie sociálneho priestoru školy. Zmeny v priestorovom pôsobení a povahe školskej organizácie. Zvyková kultúra a pedagogická komunikácia. Využívanie priestoru na efektívne riadenie školského života. R...
Enregistré dans:
| Auteur principal: | |
|---|---|
| Format: | Chapitre de livre |
| Langue: | slovaque |
| Sujets: | |
| Tags: |
Pas de tags, Soyez le premier à ajouter un tag!
|
MARC
| LEADER | 00000naa$a2200000$$$4500 | ||
|---|---|---|---|
| 001 | 0107770 | ||
| 005 | 20231127101821.6 | ||
| 041 | 0 | |a slo | |
| 044 | |a SK | ||
| 245 | 1 | 0 | |a Manažment školského priestoru |b školský priestor ako určujúci faktor |c Ondrej Kaščák |
| 520 | |a Školské priestory ako určujúci faktor, ktorý pôsobí na účastníkov školského života. Formálne usporiadenie sociálneho priestoru školy. Zmeny v priestorovom pôsobení a povahe školskej organizácie. Zvyková kultúra a pedagogická komunikácia. Využívanie priestoru na efektívne riadenie školského života. Rôznorodosť využívania alternatívne usporiadanej triedy. Súvislosť voľby priestorového usporiadania a osobnostné profily žiakov. | ||
| 610 | 2 | 0 | |a manažment |
| 610 | 2 | 0 | |a školy |
| 610 | 2 | 0 | |a zariadenia školské |
| 610 | 2 | 0 | |a študenti |
| 610 | 2 | 0 | |a učitelia |
| 610 | 2 | 0 | |a metodika |
| 610 | 2 | 0 | |a priestor |
| 610 | 2 | 0 | |a efektívnosť vzdelávania |
| 100 | 1 | |a Kaščák, Ondrej | |